000 004460000a22001810004500
003 MACL
005 20151218130102.0
008 151218b xxu||||| |||| 00| 0 eng d
040 _aMACL
_cMACL
041 _aEnglish
082 _a050/LAL
100 _aLal, Sham
_921086
245 _aDirectory and Year Book 1970
260 _bThe Times of India Press
_c1970
350 _a60
650 _aSerial Publication
_9330
942 _cBK
_k050/LAL
_2ddc
999 _c40699
_d40699